Focused Quality Managing for Results / (Record no. 2955)

MARC details
000 -LEADER
fixed length control field 00507nam a2200157Ia 4500
020 ## - INTERNATIONAL STANDARD BOOK NUMBER
ISBN 0471132888
050 ## - CALL NUMBER
Classification number HD62.15.F63 FOC
100 ## - AUTHOR
Personal name Harvey K Brelin
245 00 - TITLE
Title Focused Quality Managing for Results /
Statement of responsibility, etc Brelin, Harvey K ( et al ).
260 ## - PUBLICATION INFORMATION
Place of publication United States of America :
Name of publisher John Wiley & Sons, Inc.,
Year of publication 1995.
300 ## - DESCRIPTION
Number of Pages 193 p.
500 ## - NOTES
General note Includes index
505 ## - FORMATTED CONTENTS NOTE
Table of Content PART<br/>1. Managing the vital<br/>2. Focused quality management<br/>3. Leading the change<br/>
650 #0 - SUBJECTS
Topical Term Management.
942 ## - ADDED ENTRY ELEMENTS (KOHA)
Koha item type Books
Holdings
Withdrawn status Lost status Collection code Home library Current library Shelving location Date acquired Full call number Accession Number Koha item type
    Reference Methodist University Library Main Methodist University Library Main General Stacks 28/03/2001 HD62.15.F63 FOC 12037 Books
    Reference Methodist University Library Main Methodist University Library Main General Stacks 28/03/2001 HD62.15.F63 FOC 12166 Books
Copyright © 2026  MUG Library